000 00628nam a2200217Ii 4500
003 JO-AjNU
008 230606s9999||||xx |||||||||||||| ||und||
020 _a978-0-273-76454-0
040 _aJO-AjNU
_beng
_erda
_cJO-AjNU
041 _aeng
050 1 4 _aTA683.2.M34 2012
100 3 _aWight, James,
_eauthor
_95213
245 0 0 _aReinforced concrete mechanics and design
250 _a6 ed
264 3 1 _aBoston : pearson ,2012
300 _a1172p
336 _atext
_btxt
_2rdacontent
337 _aunmediated
_bn
_2rdamedia
338 _avolume
_bnc
_2rdacarrier
650 4 _aReinforced concrete mechanics - design
_95214
999 _aE2694
_c2692
_d2692